| 000 | 00372 a2200157 4500 | ||
|---|---|---|---|
| 001 | 149993 | ||
| 040 | _cEscola São Tomás de Aquino | ||
| 100 | _aBRANCO, Samuel Murgel | ||
| 240 | 1 | 0 |
_aA Iara e a poluição das águas _lpor |
| 245 | 1 | 0 | _aA Iara e a poluição das águas |
| 300 | _a22 | ||
| 362 | 0 | _a2002 | |
| 440 | 1 | _aModerna | |
| 697 | _aCIÊNCIAS | ||
| 942 | _cBK | ||
| 999 |
_c149993 _d149993 |
||